Selected poems, 1940-1966 / (Record no. 17570)
[ view plain ]
| 000 -CABECERA | |
|---|---|
| campo de control de longitud fija | 00622cam a2200205 a 4500 |
| 001 - NÚMERO DE CONTROL | |
| campo de control | 000018048 |
| 005 - FECHA Y HORA DE LA ÚLTIMA TRANSACCIÓN | |
| campo de control | 20200929165331.0 |
| 008 - DATOS DE LONGITUD FIJA--INFORMACIÓN GENERAL | |
| campo de control de longitud fija | 770906s1966 onca 000 p eng d |
| 040 ## - FUENTE DE LA CATALOGACIÓN | |
| Centro catalogador/agencia de origen | DO-SdBNP |
| Centro/agencia transcriptor | ScU |
| Centro/agencia modificador | DLC |
| -- | BNPHU |
| 042 ## - CÓDIGO DE AUTENTICACIÓN | |
| Código de autenticación | premarc |
| 082 ## - NÚMERO DE LA CLASIFICACIÓN DECIMAL DEWEY | |
| Número de clasificación | 813.5 |
| Número de documento/Ítem | B619s |
| 049 ## - FONDOS LOCALES (OCLC) | |
| Fondos de biblioteca | BNGR |
| 100 1# - ENTRADA PRINCIPAL--NOMBRE DE PERSONA | |
| Nombre de persona | Birney, Earle, |
| Fechas asociadas al nombre | 1904-1995. |
| 9 (RLIN) | 39123 |
| 245 10 - MENCIÓN DE TÍTULO | |
| Título | Selected poems, 1940-1966 / |
| Mención de responsabilidad, etc. | Earle Birney. |
| 260 ## - PUBLICACIÓN, DISTRIBUCIÓN, ETC. | |
| Lugar de publicación, distribución, etc. | Toronto : |
| Nombre del editor, distribuidor, etc. | McClelland and Stewart, |
| Fecha de publicación, distribución, etc. | 1966. |
| 300 ## - DESCRIPCIÓN FÍSICA | |
| Extensión | xii, 222 p. : |
| Otras características físicas | il. ; |
| Dimensiones | 26 cm. |
| 650 #4 - PUNTO DE ACCESO ADICIONAL DE MATERIA--TÉRMINO DE MATERIA | |
| Término de materia o nombre geográfico como elemento de entrada | Poesía canadiense |
| 9 (RLIN) | 14165 |
| 650 #4 - PUNTO DE ACCESO ADICIONAL DE MATERIA--TÉRMINO DE MATERIA | |
| Término de materia o nombre geográfico como elemento de entrada | Literatura canadiense |
| Subdivisión cronológica | SIGLO XX |
| 9 (RLIN) | 7991 |
| 910 ## - DATOS DE OPCIÓN DEL USUARIO (OCLC) | |
| Datos de opción del usuario | Catalogación derivada |
| Estado de retiro | Estado de pérdida | Restricciones de uso | No para préstamo | Código de colección | Localización permanente | Ubicación/localización actual | Ubicación en estantería | Fecha de adquisición | Número de inventario | Total de préstamos | Signatura topográfica completa | Código de barras | Fecha visto por última vez | Número de copia | Precio válido a partir de | Tipo de ítem Koha |
|---|---|---|---|---|---|---|---|---|---|---|---|---|---|---|---|---|
| Préstamo restringido | Préstamo restrigido | Monografías: Libros y Folletos | General | General | En catalogación | 12.04.2010 | LF1 | 813.5 B619s | 18048-10 | 25.06.2020 | e. 1 | 25.06.2020 | No se presta |
